000 00332nam a2200145Ia 4500
005 20251222152019.0
008 251222s9999||||xx |||||||||||||| ||spa||
020 _a8434845091
082 _a863.64/G19
100 _aGándara, Alejandro
245 0 _aFalso Movimiento
250 _a4ta.ed
264 _bEdiciones SM
942 _cLIB
999 _c25213
_d25213